1940s Oscar Best Actor Nominees - Statistics

General Stats
  • This quiz has been taken 261 times
  • The average score is 17 of 36
Answer Stats
Movie Actor % Correct
Casablanca Humphrey Bogart
94%
Mr.s Smith Goes to Washington, The Philadelphia Story, It's a Wonderful Life James Stewart
92%
Gone with the Wind Clark Gable
90%
Wuthering Heights, Rebecca,
Henry V,
Hamlet
Laurence Olivier
88%
The Great Dictator Charlie Chaplin
84%
Citizen Kane Orson Welles
84%
Going My Way,The Bells of St. Mary's Bing Crosby
76%
Yankee Doodle Dandy James Cagney
74%
Sergeant York, The Pride of the Yankees, For Whom the Bells Tolls Gary Cooper
69%
The Grapes of Wrath Henry Fonda
65%
The Keys of the Kingdom,The Yearling, Gentleman's Agreement Gregory Peck
64%
Penny Serenade,None but the Lonely Heart Cary Grant
63%
Anchors Aweigh Gene Kelly
58%
The Lost Weekend Ray Milland
57%
The Best Years of Out Lives Fredric March
55%
Goodbye, Mr. Chips Robert Donat
51%
Random Harvest,A Double Life Ronald Colman
43%
Babes in Arms,The Human Comedy Mickey Rooney
42%
The Search Montgomery Clift
37%
Gaslight Charles Boyer
36%
Watch on the Rhine Paul Lukas
36%
Mrs. Miniver,Madame Curie Walter Pidgeon
36%
Going My Way Barry Fitzgerald
32%
The Devil and Daniel Webster Walter Huston
25%
Life with Father William Powell
25%
Here Comes Mr. Jordan Robert Montgomery
24%
Abe Lincoln in Illinois Raymond Massey
23%
Sitting Pretty Clifton Webb
21%
Body and Soul John Garfield
20%
Mourning Becomes Electra Michael Redgrave
20%
The Jolson Story Larry Parks
19%
Johnny Belinda Lew Ayres
18%
The Pied Piper Monty Woolley
18%
Wilson Alexander Knox
17%
A Song to Remember Cornel Wilde
16%
When My Baby Smiles at Me Dan Dailey
11%
No matching quizzes found
Score Distribution
Percent of People with Each Score
Percentile by Number Answered
Your Score History
You have not taken this quiz